000 00733nam a2200289Ia 4500
005 20260324113958.0
008 008 260324s9999 xx 000 0 eng d
020 _a9781003316657
037 _aEBOOK
040 _aCRL
040 _beng
040 _cCRL
041 _2eng
041 _aeng
084 _qCRL
100 _aCésar Ducruet; Theo Notteboom
_91148936
245 0 _aPort Systems in Global Competition
245 0 _bSpatial-Economic Perspectives on the Co-Development of Seaports
260 _bTaylor and Francis
260 _c2023
365 _a
365 _b230
856 _uhttp://www.taylorfrancis.com/books/9781003316657
942 _cEBOOK
999 _c1738876
_d1738876